000
00320nam a2200133Ia 4500
100
_a
Majumdar/S.R
942
_c
BK
654
_a
oil
245
_a
Oil Hydraulic systems:Principles and Maintenance
260
_b
Tata Mc Graw hill Ltd.
_a
New Delhi
_c
2001
082
_a
621.20424
_b
MAJ
300
_a
548
546
_a
ENGLISH
999
_c
26589
_d
26589